Quiz das Copas do Mundo (Múltipla Escolha) - Statistics

Estatísticas Gerais
  • Esse quiz foi jogado 1 099 vezes
    756 desde o último reset
  • A pontuação média é 13 de 17
Estatísticas das Respostas
Questão Resposta % Correto
Por que não ocorreram Copas do Mundo entre 1939 e 1949? Devido a Segunda Guerra Mundial, foi suspendida a Copa do Mundo. Após o fim da guerra, os países participantes precisavam se reconstruir.
96%
Quando ocorreu a primeira Copa do Mundo? 1930
94%
Qual foi o primeiro país a sediar e ganhar uma Copa do Mundo? Uruguai
93%
Quem foi a nação vencedora da Copa do Mundo de 1986, onde um jogador específico fez um gol com sua mão? Argentina
92%
Em que nação foi realizada a Copa do Mundo de 2022? Catar
92%
Em 2026, ocorrerá uma Copa do Mundo sediada por TRÊS nações pela primeira vez na história das copas do mundo. Quais nações serão sede da Copa de 2026? Estados Unidos, México, Canadá
92%
Em 2010, a Copa do Mundo foi sediada em um país africano pela primeira vez na história. Que país é esse? África do Sul
91%
Em quais nações ocorreu a primeira Copa do Mundo sediada por dois países, a de 2002? Japão e Coréia do Sul
90%
Onde foi realizada a Copa do Mundo de 2018, e qual foi sua nação vencedora? Rússia, vencedor: França
90%
Quais foram os finalistas na Copa do Mundo de 1962 e qual deles venceu? Brasil e Checoslováquia. Vencedor: Brasil.
89%
Quem foi o vencedor da Copa do Mundo de 1990? Alemanha
86%
Quem foi o melhor jogador da Copa do Mundo de 1970? Pelé
84%
Qual nação sediou e foi vencedora da Copa de 1978? Argentina
77%
Que país sediou a Copa do Mundo de 1974? Alemanha Ocidental
75%
Qual foi a primeira nação central americana a participar de uma Copa do Mundo? Cuba
40%
Qual foi a primeira seleção asiática a participar de uma Copa do Mundo? Indonésia
33%
E qual foi a primeira nação africana a jogar uma Copa do Mundo? Egito
32%
Nenhum quiz correspondente encontrado
Distribuição das Pontuações
Porcentagem de Pessoas com Cada Pontuação
Percentil de Números Respondidos
Sua Pontuação Histórica
Você não jogou esse quiz desde o último reset